| 000 | 00740nam a2200229 a 4500 | ||
|---|---|---|---|
| 999 |
_c8053 _d8053 |
||
| 001 | 8053 | ||
| 003 | BD-JhCC | ||
| 005 | 20181003171914.0 | ||
| 008 | 180218s1986 bg |||| || | 000 0 ben d | ||
| 035 | _a(BD-JhCC)8053 | ||
| 040 |
_aBD-JhCC _dBD-JhCC |
||
| 041 | _aben | ||
| 082 |
_a701.03 _bPLA 1986 |
||
| 100 | _aপ্লেখানভ, জি ভি | ||
| 245 |
_aশিল্প ও সমাজ / _cজি ভি প্লেখানভ, আফজালুল বাসার (অনুবাদ) |
||
| 260 |
_aঢাকা : _bবাংলা একাডেমী, _c1986 |
||
| 300 |
_a90 p. : _c23 cm. |
||
| 650 | _aArt and Society | ||
| 700 | _aবাসার, আফজালুল | ||
| 942 |
_2ddc _cBK |
||